BSOP header

Luther : (Record no. 42199)

MARC details
000 -LEADER
fixed length control field 01121nam a2200337Ia 4500
001 - CONTROL NUMBER
control field ocn191529908
003 - CONTROL NUMBER IDENTIFIER
control field OCoLC
005 - DATE AND TIME OF LATEST TRANSACTION
control field 20180529163609.0
008 - FIXED-LENGTH DATA ELEMENTS--GENERAL INFORMATION
fixed length control field 080128r20061961kyu b 001 0 eng d
020 ## - INTERNATIONAL STANDARD BOOK NUMBER
International Standard Book Number 9780664241513
020 ## - INTERNATIONAL STANDARD BOOK NUMBER
International Standard Book Number 0664241514
035 ## - SYSTEM CONTROL NUMBER
System control number (OCoLC)191529908
040 ## - CATALOGING SOURCE
Original cataloging agency TSW
Transcribing agency TSW
Modifying agency YDXCP
-- LGV
041 1# - LANGUAGE CODE
Language code of text/sound track or separate title eng
Language code of original and/or intermediate translations of text ger
049 ## - LOCAL HOLDINGS (OCLC)
Holding library LGVC
100 1# - MAIN ENTRY--PERSONAL NAME
Personal name Luther, Martin,
Dates associated with a name 1483-1546.
245 10 - TITLE STATEMENT
Title Luther :
Remainder of title lectures on Romans /
Statement of responsibility, etc edited and translated by Wilhelm Pauck.
246 30 - VARYING FORM OF TITLE
Title proper/short title Lectures on Romans
260 ## - PUBLICATION, DISTRIBUTION, ETC. (IMPRINT)
Place of publication, distribution, etc Louisville :
Name of publisher, distributor, etc Westminster John Knox Press,
Date of publication, distribution, etc c1961.
300 ## - PHYSICAL DESCRIPTION
Extent lxvi, 444 p. ;
Dimensions 22 cm.
336 ## - CONTENT TYPE
Content Type Term text
337 ## - MEDIA TYPE
Media Type Term unmediated
338 ## - CARRIER TYPE
Carrier Type Term volume
490 1# - SERIES STATEMENT
Series statement The library of Christian classics
500 ## - GENERAL NOTE
General note "Paperback reissued 2006 by Westminster John Knox Press, Louisville, Kentucky."--t.p. verso
504 ## - BIBLIOGRAPHY, ETC. NOTE
Bibliography, etc Includes bibliographical references (p. 423-430) and indexes.
630 00 - SUBJECT ADDED ENTRY--UNIFORM TITLE
Uniform title Bible.
Name of part/section of a work N.T.
-- Romans
Form subdivision Commentaries.
700 1# - ADDED ENTRY--PERSONAL NAME
Personal name Pauck, Wilhelm,
Dates associated with a name 1901-1981.
830 #0 - SERIES ADDED ENTRY--UNIFORM TITLE
Uniform title Library of Christian classics (Philadelphia, Pa.)
942 ## - ADDED ENTRY ELEMENTS (KOHA)
Source of classification or shelving scheme Library of Congress Classification
Item type Books
Holdings
Withdrawn status Lost status Source of classification or shelving scheme Damaged status Not for loan Home library Current library Shelving location Date acquired Source of acquisition Inventory number Total Checkouts Full call number Barcode Date last seen Price effective from Koha item type
    Library of Congress Classification     BSOP Library BSOP Library GC 05/29/2018 Donation by Drs. George and Anne Harper 41381   BS2665 L97 1961 00052381 05/29/2018 05/29/2018 Books
BSOP

Biblical Seminary of the Philippines
  All rights Reserved
  © 2024

CONTACT INFORMATION

Biblical Seminary of the Philippines,
  77-B Karuhatan Road, Valenzuela City,
  PHILIPPINES 1441
  Phone: +632 8292-6795 / 8292-6798
  Fax : +632 8292-6675
  Email: library@bsop.edu.ph